Statistics for Countries that End in L

Click here to take the quiz!

General Stats

  • This quiz has been taken 40,297 times
  • The average score is 4 of 5

Answer Stats

Continent Country % Correct
South AmericaBrazil
91%
EuropePortugal
76%
AsiaNepal
72%
AfricaSenegal
62%
AsiaIsrael
59%

Score Distribution

Percentile by Number Answered

Percent of People with Each Score

Your Score History

You have not taken this quiz